|
|
|
|
| LEADER |
03132nam a2200565 4500 |
| 001 |
978-3-319-99498-7 |
| 003 |
DE-He213 |
| 005 |
20191026081709.0 |
| 007 |
cr nn 008mamaa |
| 008 |
180821s2018 gw | s |||| 0|eng d |
| 020 |
|
|
|a 9783319994987
|9 978-3-319-99498-7
|
| 024 |
7 |
|
|a 10.1007/978-3-319-99498-7
|2 doi
|
| 040 |
|
|
|d GrThAP
|
| 050 |
|
4 |
|a QA76.9.L63
|
| 072 |
|
7 |
|a UYF
|2 bicssc
|
| 072 |
|
7 |
|a COM036000
|2 bisacsh
|
| 072 |
|
7 |
|a UYF
|2 thema
|
| 082 |
0 |
4 |
|a 621.395
|2 23
|
| 245 |
1 |
0 |
|a Reversible Computation
|h [electronic resource] :
|b 10th International Conference, RC 2018, Leicester, UK, September 12-14, 2018, Proceedings /
|c edited by Jarkko Kari, Irek Ulidowski.
|
| 250 |
|
|
|a 1st ed. 2018.
|
| 264 |
|
1 |
|a Cham :
|b Springer International Publishing :
|b Imprint: Springer,
|c 2018.
|
| 300 |
|
|
|a XIII, 353 p. 132 illus.
|b online resource.
|
| 336 |
|
|
|a text
|b txt
|2 rdacontent
|
| 337 |
|
|
|a computer
|b c
|2 rdamedia
|
| 338 |
|
|
|a online resource
|b cr
|2 rdacarrier
|
| 347 |
|
|
|a text file
|b PDF
|2 rda
|
| 490 |
1 |
|
|a Programming and Software Engineering ;
|v 11106
|
| 505 |
0 |
|
|a Reversible concurrent computation -- Quantum circuits -- Reversible programming languages -- Applications.
|
| 520 |
|
|
|a This book constitutes the refereed proceedings of the 10th International Conference on Reversible Computation, RC 2018, held in Leicester, UK, in September 2018. The 13 full, 7 short, and one tutorial papers included in this volume together with four invited talks were carefully reviewed and selected from 28 submissions. The papers are organized in the following topical sections: reversible concurrent computation; quantum circuits; reversible programming languages; and applications.
|
| 650 |
|
0 |
|a Logic design.
|
| 650 |
|
0 |
|a Artificial intelligence.
|
| 650 |
|
0 |
|a Programming languages (Electronic computers).
|
| 650 |
|
0 |
|a Computer communication systems.
|
| 650 |
|
0 |
|a Software engineering.
|
| 650 |
1 |
4 |
|a Logic Design.
|0 http://scigraph.springernature.com/things/product-market-codes/I12050
|
| 650 |
2 |
4 |
|a Artificial Intelligence.
|0 http://scigraph.springernature.com/things/product-market-codes/I21000
|
| 650 |
2 |
4 |
|a Programming Languages, Compilers, Interpreters.
|0 http://scigraph.springernature.com/things/product-market-codes/I14037
|
| 650 |
2 |
4 |
|a Computer Communication Networks.
|0 http://scigraph.springernature.com/things/product-market-codes/I13022
|
| 650 |
2 |
4 |
|a Software Engineering.
|0 http://scigraph.springernature.com/things/product-market-codes/I14029
|
| 700 |
1 |
|
|a Kari, Jarkko.
|e editor.
|0 (orcid)0000-0003-0670-6138
|1 https://orcid.org/0000-0003-0670-6138
|4 edt
|4 http://id.loc.gov/vocabulary/relators/edt
|
| 700 |
1 |
|
|a Ulidowski, Irek.
|e editor.
|4 edt
|4 http://id.loc.gov/vocabulary/relators/edt
|
| 710 |
2 |
|
|a SpringerLink (Online service)
|
| 773 |
0 |
|
|t Springer eBooks
|
| 776 |
0 |
8 |
|i Printed edition:
|z 9783319994970
|
| 776 |
0 |
8 |
|i Printed edition:
|z 9783319994994
|
| 830 |
|
0 |
|a Programming and Software Engineering ;
|v 11106
|
| 856 |
4 |
0 |
|u https://doi.org/10.1007/978-3-319-99498-7
|z Full Text via HEAL-Link
|
| 912 |
|
|
|a ZDB-2-SCS
|
| 912 |
|
|
|a ZDB-2-LNC
|
| 950 |
|
|
|a Computer Science (Springer-11645)
|